000 00761nam a2200241 i 4500
001 15728
003 ES-MaACL
005 20231106203628.0
007 t|
008 000505s1998 sp ||||0| spa j
020 _a84-87791-35-2
040 _aM-BN
_bspa
_cM-BN
080 _a821.134.2-14"19"
100 1 _aOlalla, Laura.
_986646
245 1 0 _aEn un rincón cualquiera de la casa /
_cLaura Olalla.
260 _a[Guadalajara] :
_bDiputación Provincial de Guadalajara,
_c[1998]
300 _a62 p ;
_c21 cm.
490 1 _aPoesía ;
_v15
710 2 _aGuadalajara (Provincia).
_bDiputación Provincial
_94550
830 0 _aPoesía ;
_v15
_9177794
852 _aES-MaACL
_jL-23060
_bR.127129
_q. - Ded. autógr. de la autora
999 _c15728
_d15728